Historia y geografía de España

Збережено в:
Бібліографічні деталі
Автор: Cereceda, Feliciano (Автор)
Формат: Книга
Мова:Іспанська
Опубліковано: Madrid, España Razón y Fé 1945
Редагування:Tercera edición
Предмети:
Теги: Додати тег
Немає тегів, Будьте першим, хто поставить тег для цього запису!

MARC

LEADER 00000nam a2200000 a 4500
001 UCO0950
003 CL-VaPUC
005 20230913130311.0
008 000428e19450000SP |||||||||||||||||spa|d
999 |c 287586  |d 287584 
040 |c Pontificia Universidad Católica de Valparaíso 
082 0 4 |a 946 CER 1945  |2 21 
100 0 |a Cereceda, Feliciano  |e author  |9 442611 
245 1 0 |a Historia y geografía de España 
250 |a Tercera edición 
260 |a Madrid, España  |b Razón y Fé  |c 1945 
300 |a 384 páginas 
583 |a last modification  |c 20000428 00:00:00  |k Rodrigo Vera 
650 0 |a Historia de España  |9 315435 
650 0 |a Historia y geografía  |z ESPAÑA  |9 442612 
942 |c BK  |2 ddc 
945 |d 20000428 00:00:00  |a rherrera 
952 |0 0  |1 0  |2 ddc  |4 0  |6 946_000000000000000_CER_1945  |7 0  |8 X  |9 334505  |a BIBHIS  |b BIBHIS  |d 2019-11-20  |i 1268465  |o 946 CER 1945  |p 1268465  |r 2024-01-30  |t 1  |w 2019-11-20  |y BK_X  |k HIS